| 000 | 00894cab a22002055a 4500 | ||
|---|---|---|---|
| 001 | L143360 | ||
| 008 | 080429e20080425xxk f 000 0 eng d | ||
| 035 | _a(Sirsi) u143360 | ||
| 041 | 0 | _aeng | |
| 100 | 1 | _aUnger, Paul | |
| 245 | 0 | 0 |
_aMerseyside _bRegional |
| 260 | _c2008 | ||
| 490 |
_aProperty Week _v73(17) 25 April 2008, 135-150(10) |
||
| 520 | _aReports that CBRE has gained an advisory role in the Wirral Waters regeneration scheme. Describes a trend in the commercial market for occupiers to take cheaper, refurbished office space. This is having a negative impact on speculative developments. Covers a planned waterfront regeneration scheme in Southport. Also looks at mixed-use properties and other development activity in St Helens. | ||
| 590 | _aKA | ||
| 651 | 4 |
_aNorth West (England) _y1994- |
|
| 690 | _aPROPERTY-PROPERTY MARKET | ||
| 700 | 1 | _aHipwell, Deirdre | |
| 942 | _n0 | ||
| 999 |
_c80152 _d80152 |
||